[Event "PRO League Group Stage"]
[Site "chess.com INT"]
[Date "2018.03.07"]
[Round "9"]
[White "Jones, Gawain C B"]
[Black "Gozzoli, Yannick"]
[Result "1/2-1/2"]
[WhiteTitle "GM"]
[BlackTitle "GM"]
[WhiteElo "2640"]
[BlackElo "2565"]
[WhiteTeam "London Towers"]
[BlackTeam "Marseille Migraines"]
[WhiteFideId "409561"]
[BlackFideId "616915"]
[EventDate "2018.01.18"]

1. Nf3 d5 2. b3 Bg4 3. Bb2 Bxf3 4. exf3 e6 5. g3 Nf6 6. Bg2 g6 7. O-O Bg7 8. c4
O-O 9. f4 c6 10. Re1 a5 11. Nc3 Nbd7 12. Rc1 Qb6 13. Na4 Qa7 14. Qe2 Rfc8 15.
Qe3 Qxe3 16. fxe3 b5 17. cxb5 cxb5 18. Nc3 Nc5 19. Bf1 b4 20. Nb5 Ne8 21. Bxg7
Kxg7 22. Rc2 Ne4 23. Rec1 Rxc2 24. Rxc2 a4 25. d3 axb3 26. axb3 N4d6 27. Nd4 Nf5
28. Nxf5+ gxf5 29. Kf2 Ra3 30. Rb2 Nd6 31. h3 h5 32. Be2 Kg6 33. Bf3 Nb5 34. e4
d4 35. exf5+ exf5 36. Bg2 Nc3 37. Bf3 Ra1 38. Kg2 Rc1 39. h4 Ra1 40. Kf2 Ra3 41.
Ke1 Ra7 42. Kf2 Ra1 43. Kg2 Rc1 44. Kf2 Kh6 45. Kg2 Nd1 46. Bxd1 Rxd1 47. Rc2
Rxd3 48. Rc4 Rxb3 49. Rxd4 Rb1 50. Rd6+ Kg7 51. Rb6 b3 52. Kf2 Kf8 53. Rb7 Ke8
54. Kg2 f6 55. Rb5 b2 1/2-1/2

[Event "PRO League Group Stage"]
[Site "chess.com INT"]
[Date "2018.03.07"]
[Round "9"]
[White "Vidit, Santosh Gujrathi"]
[Black "Grigoryan, Karen H."]
[Result "1/2-1/2"]
[WhiteTitle "GM"]
[BlackTitle "GM"]
[WhiteElo "2718"]
[BlackElo "2581"]
[WhiteTeam "Mumbai Movers"]
[BlackTeam "Armenia Eagles"]
[WhiteFideId "5029465"]
[BlackFideId "13301004"]
[EventDate "2018.01.18"]

1. d4 g6 2. Nf3 Bg7 3. g3 d5 4. Bg2 Nf6 5. O-O O-O 6. c4 c6 7. Ne5 Nbd7 8. cxd5
Nxe5 9. dxe5 Nxd5 10. Qd4 Nb6 11. Qc3 Nd5 12. Qd4 Nb6 13. Qc3 Nd5 14. Qd4 1/2-1/2

[Event "PRO League Group Stage"]
[Site "chess.com INT"]
[Date "2018.03.07"]
[Round "9"]
[White "Vidit, Santosh Gujrathi"]
[Black "Ter-Sahakyan, Samvel"]
[Result "1/2-1/2"]
[WhiteTitle "GM"]
[BlackTitle "GM"]
[WhiteElo "2718"]
[BlackElo "2563"]
[WhiteTeam "Mumbai Movers"]
[BlackTeam "Armenia Eagles"]
[WhiteFideId "5029465"]
[BlackFideId "13302531"]
[EventDate "2018.01.18"]

1. c4 Nf6 2. d4 e6 3. g3 Bb4+ 4. Bd2 Be7 5. Bg2 d5 6. Nf3 O-O 7. O-O Nbd7 8. Bc3
c6 9. Nbd2 b5 10. cxb5 cxb5 11. Ne5 Bb7 12. Qb3 Qb6 13. Bb4 Bxb4 14. Nxd7 Nxd7
15. Qxb4 a5 16. Qe7 Rfe8 17. Qh4 Rac8 18. Rfc1 b4 19. Rxc8 Rxc8 20. Qe7 Nf8 21.
Nb3 Ng6 22. Qd7 Nf8 23. Qa4 Ra8 24. Rc1 Ba6 25. Rc6 Qb8 26. Rc5 Bxe2 27. Rxa5
Rxa5 28. Qxa5 Ng6 29. Qc5 Bc4 30. Na5 Bxa2 31. b3 Bb1 32. h4 h5 33. Bf3 Be4 34.
Bxh5 Nxh4 35. gxh4 Qf4 36. Nc6 Qxh4 37. f3 Qg3+ 38. Kh1 Qh3+ 39. Kg1 Qg3+ 40.
Kh1 Qh3+ 41. Kg1 Qg3+ 1/2-1/2

[Event "PRO League Group Stage"]
[Site "chess.com INT"]
[Date "2018.03.07"]
[Round "9"]
[White "Zaloznyy, Mike"]
[Black "Stremavicius, Titas"]
[Result "0-1"]
[BlackTitle "IM"]
[WhiteElo "2091"]
[BlackElo "2432"]
[WhiteTeam "Las Vegas Desert Rats"]
[BlackTeam "Dallas Destiny"]
[WhiteFideId "2023075"]
[BlackFideId "12804444"]
[EventDate "2018.01.18"]

1. e4 c5 2. Nf3 Nc6 3. d4 cxd4 4. Nxd4 Nf6 5. Nc3 d6 6. g3 g6 7. Bg2 Bd7 8. O-O
Bg7 9. Nde2 Qc8 10. Nd5 Nxd5 11. exd5 Ne5 12. Re1 Bg4 13. Rf1 Nf3+ 14. Kh1 Nd4
15. f3 Nxc2 16. fxg4 Nxa1 17. Qa4+ Qd7 18. Qe4 Rc8 19. Nc3 b5 20. Bg5 h6 21. Bf4
Nc2 22. Ne2 Bxb2 23. g5 hxg5 24. Bxg5 Be5 25. Rc1 Rc4 26. Qf3 Nd4 27. Nxd4 Rxc1+
28. Bxc1 Bxd4 29. Bf1 a6 30. a4 Qc7 31. Qd1 Qc5 0-1

[Event "PRO League Group Stage"]
[Site "chess.com INT"]
[Date "2018.03.07"]
[Round "9"]
[White "Zaloznyy, Mike"]
[Black "Sadorra, Julio Catalino"]
[Result "0-1"]
[BlackTitle "GM"]
[WhiteElo "2091"]
[BlackElo "2539"]
[WhiteTeam "Las Vegas Desert Rats"]
[BlackTeam "Dallas Destiny"]
[WhiteFideId "2023075"]
[BlackFideId "5201268"]
[EventDate "2018.01.18"]

1. b3 e5 2. Bb2 Nc6 3. e3 Nf6 4. Bb5 Bd6 5. Na3 Na5 6. Nh3 a6 7. Be2 b5 8. O-O
Qe7 9. Nb1 Bb7 10. f4 Nc6 11. c4 b4 12. Kh1 exf4 13. Nxf4 Ne5 14. d4 Ng6 15. c5
Bxf4 16. exf4 Nh4 17. d5 Bxd5 18. Bf3 Nxf3 19. Bxf6 Qxf6 20. Qxd5 c6 21. Qxf3
Qxa1 22. Nd2 Qd4 23. Ne4 O-O 24. Rd1 Qb2 25. f5 Rfe8 26. f6 g6 27. Qf4 Rxe4 28.
Qxe4 Qxf6 29. Qxb4 Re8 30. Qc4 Qf2 31. h3 Re2 32. Rg1 Rxa2 33. Qe4 Re2 34. Qd3
Re1 35. Rxe1 Qxe1+ 36. Kh2 Qe5+ 37. Kh1 Qxc5 38. Qxd7 Kg7 39. Qd3 a5 40. Kh2
Qe5+ 41. Kh1 h5 42. Qd2 g5 43. Qc2 g4 44. hxg4 hxg4 45. Qxc6 g3 46. Qc1 Qh5+ 47.
Kg1 Qh2+ 48. Kf1 Qh1+ 0-1

[Event "PRO League Group Stage"]
[Site "chess.com INT"]
[Date "2018.03.07"]
[Round "9"]
[White "Bora, Safal"]
[Black "Iturrizaga Bonelli, Eduardo"]
[Result "0-1"]
[WhiteTitle "IM"]
[BlackTitle "GM"]
[WhiteElo "2370"]
[BlackElo "2650"]
[WhiteTeam "Pittsburgh Pawngrabbers"]
[BlackTeam "Miami Champions"]
[WhiteFideId "2066149"]
[BlackFideId "3901211"]
[EventDate "2018.01.18"]

1. Nf3 b6 2. g3 Bb7 3. Bg2 g6 4. O-O Bg7 5. d4 Nf6 6. c4 O-O 7. Nc3 Ne4 8. Nxe4
Bxe4 9. Be3 d5 10. Rc1 Nc6 11. Qd2 Rc8 12. c5 Qd7 13. b4 Rb8 14. a3 Rfd8 15.
Rfd1 e6 16. Qc3 b5 17. Bg5 Re8 18. Ne5 Nxe5 19. dxe5 Bxg2 20. c6 Qc8 21. Kxg2 a5
22. bxa5 Qa6 23. Bd2 Bf8 24. Qd3 Red8 25. Bb4 Bg7 26. f4 d4 27. e3 Rd5 28. exd4
Rbd8 29. Qc3 h5 30. Be7 Ra8 31. Bb4 Rad8 32. h3 Qa7 33. Bc5 Qa6 34. Be7 Ra8 35.
Bb4 Rad8 36. g4 h4 37. Kh1 Bh6 38. g5 Bf8 39. Bxf8 Rxf8 40. Qb4 Ra8 41. Rc5 Rxc5
42. Qxc5 Qxa5 43. d5 Qa4 44. Rf1 Qb3 45. dxe6 Qxh3+ 46. Kg1 Qxe6 47. Qc3 Ra4 48.
Kh2 Rc4 49. Qf3 Rxc6 50. f5 Qxe5+ 51. Kh1 Rc3 52. Qa8+ Kg7 53. f6+ Kh7 54. Qg2
Rg3 55. Qa8 Rh3+ 0-1

[Event "PRO League Group Stage"]
[Site "chess.com INT"]
[Date "2018.03.07"]
[Round "9"]
[White "Bora, Safal"]
[Black "Becerra Rivero, Julio"]
[Result "0-1"]
[WhiteTitle "IM"]
[BlackTitle "GM"]
[WhiteElo "2370"]
[BlackElo "2531"]
[WhiteTeam "Pittsburgh Pawngrabbers"]
[BlackTeam "Miami Champions"]
[WhiteFideId "2066149"]
[BlackFideId "3501728"]
[EventDate "2018.01.18"]

1. Nf3 Nf6 2. g3 g6 3. Bg2 Bg7 4. c4 O-O 5. Nc3 c5 6. d4 cxd4 7. Nxd4 Nc6 8. O-O
Qb6 9. Nb3 d6 10. Bg5 Be6 11. Nd5 Bxd5 12. cxd5 Ne5 13. Be3 Qa6 14. Bd4 Rac8 15.
f4 Nc4 16. e4 Nd7 17. Bxg7 Kxg7 18. Qd4+ Kg8 19. Rfc1 Rc7 20. Bf1 Rfc8 21. Rc2
b5 22. a3 Na5 23. Rxc7 Rxc7 24. Nxa5 Qxa5 25. b4 Qa4 26. e5 Nb6 27. exd6 exd6
28. Re1 Rc8 29. Bh3 Rf8 30. Bf1 Qxa3 31. Bxb5 Qb3 32. Bc6 Nc4 33. b5 Nb6 34. Re7
Qb1+ 35. Kg2 Qc2+ 36. Qf2 Qd3 37. Qe2 Qd4 38. Qe3 Qd1 39. Qf3 Qa1 40. f5 Nc4 41.
Qf2 Ne5 42. Rxa7 Qc3 43. Ra2 Qd3 44. Re2 Rb8 45. f6 h5 46. Qe3 Qc4 47. Qe4 Qc5
48. Qf4 Kh7 49. h3 Rc8 50. Rf2 Rc7 51. g4 Nd3 52. Qf3 Qxf2+ 53. Qxf2 Nxf2 54.
Kxf2 hxg4 55. b6 Rc8 56. h4 Kh6 57. Kg3 Kh5 58. b7 Rb8 59. Bd7 Rxb7 60. Bxg4+
Kh6 61. Bf3 Rb4 62. Bg4 Rd4 63. Bf3 g5 64. h5 g4 65. Bxg4 Kg5 66. Bf3 Kxf6 67.
Kf2 Kg5 68. Ke3 Rh4 0-1

[Event "PRO League Group Stage"]
[Site "chess.com INT"]
[Date "2018.03.07"]
[Round "9"]
[White "Gurevich, Daniel"]
[Black "Lenderman, Aleksandr"]
[Result "0-1"]
[WhiteTitle "IM"]
[BlackTitle "GM"]
[WhiteElo "2483"]
[BlackElo "2611"]
[WhiteTeam "Minnesota Blizzard"]
[BlackTeam "Montclair Sopranos"]
[WhiteFideId "2044676"]
[BlackFideId "2021285"]
[EventDate "2018.01.18"]

1. Nf3 d5 2. g3 Nf6 3. Bg2 e6 4. O-O Be7 5. c4 O-O 6. b3 d4 7. e3 c5 8. exd4
cxd4 9. Ne5 Ne8 10. f4 f6 11. Nd3 Nc6 12. Na3 Bd7 13. c5 Nc7 14. Nc4 Be8 15. Ba3
Bg6 16. Qe2 Qd7 17. Rac1 Nb5 18. Rfe1 Rfe8 19. Bh3 Bf8 20. Bb2 Bf5 21. Bg2 Rad8
22. a3 a5 23. Nb6 Qf7 24. g4 Bg6 25. b4 axb4 26. Nxb4 d3 27. Qf2 Ncd4 28. a4
Ne2+ 29. Rxe2 dxe2 30. axb5 Rxd2 31. Bc3 Rd1+ 0-1

[Event "PRO League Group Stage"]
[Site "chess.com INT"]
[Date "2018.03.07"]
[Round "9"]
[White "Gurevich, Daniel"]
[Black "Bartell, Thomas"]
[Result "0-1"]
[WhiteTitle "IM"]
[BlackTitle "IM"]
[WhiteElo "2483"]
[BlackElo "2344"]
[WhiteTeam "Minnesota Blizzard"]
[BlackTeam "Montclair Sopranos"]
[WhiteFideId "2044676"]
[BlackFideId "2017849"]
[EventDate "2018.01.18"]

1. d4 d5 2. Bf4 c6 3. Nd2 Nf6 4. e3 Bf5 5. c4 e6 6. Qb3 Qc8 7. Ngf3 Nbd7 8. Nh4
Be4 9. f3 Bg6 10. Nxg6 hxg6 11. Bg3 Be7 12. Rc1 O-O 13. Bd3 Bd8 14. O-O Bc7 15.
f4 c5 16. cxd5 Nxd5 17. Bc4 N5f6 18. e4 cxd4 19. Bxe6 Qd8 20. f5 Bxg3 21. Bxf7+
Rxf7 22. fxg6 Bh4 23. Qxf7+ Kh8 24. Nf3 Ng4 25. Qe6 Bf2+ 26. Rxf2 Nxf2 27. Kxf2
Nf8 28. Qf5 d3 29. Ke1 Qb6 30. Qh3+ Kg8 31. Ne5 Qg1+ 32. Kd2 Qf2+ 33. Kxd3 Rd8+
34. Kc3 Qd2+ 35. Kb3 Qxc1 36. Nf7 Qd1+ 37. Kb4 Qd4+ 38. Ka3 Qd3+ 39. b3 Qxh3 40.
gxh3 Re8 41. h4 Nxg6 42. Ng5 Nxh4 43. Kb4 Re5 0-1

[Event "PRO League Group Stage"]
[Site "chess.com INT"]
[Date "2018.03.07"]
[Round "9"]
[White "Xu, Xiangyu"]
[Black "Sargissian, Gabriel"]
[Result "1/2-1/2"]
[WhiteTitle "GM"]
[BlackTitle "GM"]
[WhiteElo "2545"]
[BlackElo "2677"]
[WhiteTeam "Chengdu Pandas"]
[BlackTeam "Seattle Sluggers"]
[WhiteFideId "8608288"]
[BlackFideId "13300881"]
[EventDate "2018.01.18"]

1. Nf3 Nf6 2. c4 b6 3. g3 c5 4. Bg2 Bb7 5. O-O e6 6. Nc3 Be7 7. Re1 d5 8. cxd5
Nxd5 9. e4 Nb4 10. d4 cxd4 11. Nxd4 N8c6 12. Be3 Nxd4 13. Bxd4 O-O 14. Re2 Nc6
15. Be3 Qxd1+ 16. Rxd1 Rfd8 17. Red2 Rxd2 18. Rxd2 Rd8 19. Rxd8+ Nxd8 20. f4 Kf8
21. e5 Bxg2 22. Kxg2 Ke8 23. Kf3 Kd7 24. Ke4 Nb7 25. Kd3 1/2-1/2

[Event "PRO League Group Stage"]
[Site "chess.com INT"]
[Date "2018.03.07"]
[Round "9"]
[White "Xu, Xiangyu"]
[Black "Lee, Megan"]
[Result "1-0"]
[WhiteTitle "GM"]
[BlackTitle "WIM"]
[WhiteElo "2545"]
[BlackElo "2163"]
[WhiteTeam "Chengdu Pandas"]
[BlackTeam "Seattle Sluggers"]
[WhiteFideId "8608288"]
[BlackFideId "2029618"]
[EventDate "2018.01.18"]

1. d4 d5 2. c4 c6 3. cxd5 cxd5 4. Bf4 Nf6 5. Nc3 a6 6. e3 Nc6 7. Be2 Bf5 8. g4
Bg6 9. h4 h5 10. g5 Ne4 11. Nxe4 Bxe4 12. f3 Bg6 13. Kf2 Qb6 14. b3 Nb4 15. a3
Nc2 16. Rc1 Nxa3 17. Bc7 Qb4 18. Nh3 e6 19. Be5 Rh7 20. Nf4 Bf5 21. Bd3 g6 22.
Bxf5 gxf5 23. Rc7 Nb5 24. g6 Rg7 25. Bxg7 Nxc7 26. Qc2 Bxg7 27. Qxc7 Qe7 28.
gxf7+ Kxf7 29. Qxe7+ Kxe7 30. Nxh5 Bf6 31. Nf4 Rc8 32. h5 Rc2+ 33. Kg3 Rc3 34.
h6 Rxe3 35. h7 Bxd4 36. h8=Q Bxh8 37. Rxh8 Rxb3 38. Rh6 Re3 39. Kf2 Ra3 40.
Rxe6+ Kd7 41. Rb6 Kc7 42. Nxd5+ Kb8 43. Rf6 Ra2+ 44. Ke3 Ra5 45. Rxf5 Rc5 46.
Kd4 Rc1 47. f4 a5 48. Nc3 b6 49. Re5 Rf1 50. f5 a4 51. Kc4 Rf4+ 52. Kb5 a3 53.
Kxb6 Rb4+ 54. Kc5 Rb2 55. Re1 Rf2 56. Kb6 Kc8 57. Re5 a2 58. Ra5 a1=Q 59. Rxa1
Rxf5 60. Rd1 Rf6+ 61. Kc5 Rf5+ 62. Nd5 Rh5 63. Re1 Kd8 64. Re6 Rh1 65. Kd6 Ra1
66. Nb4 Rb1 67. Nc6+ Kc8 68. Re8+ Kb7 69. Rb8+ Ka6 70. Ra8+ Kb7 71. Rb8+ Ka6 72.
Nb4+ Ka5 73. Ra8+ Kb6 74. Nd5+ Kb7 75. Rf8 Rd1 76. Rf7+ Ka6 77. Rc7 Ka5 78. Rb7
Ka6 79. Rb3 Ka5 80. Kc5 Rc1+ 81. Nc3 Ka6 82. Kc6 Ka5 83. Kd5 Ka6 84. Na4 Rd1+
85. Kc6 Rc1+ 86. Nc5+ Ka5 87. Rb5# 1-0

[Event "PRO League Group Stage"]
[Site "chess.com INT"]
[Date "2018.03.07"]
[Round "9"]
[White "Kjartansson, David"]
[Black "Admiraal, Miguoel"]
[Result "1/2-1/2"]
[WhiteTitle "FM"]
[BlackTitle "IM"]
[WhiteElo "2409"]
[BlackElo "2453"]
[WhiteTeam "Reykjavik Puffins"]
[BlackTeam "Amsterdam Mosquitoes"]
[WhiteFideId "2301130"]
[BlackFideId "1019716"]
[EventDate "2018.01.18"]

1. e4 c6 2. d4 d5 3. e5 c5 4. dxc5 Nc6 5. Bb5 e6 6. Be3 Ne7 7. Nf3 Nf5 8. Bd4
Nxd4 9. Qxd4 Qa5+ 10. Nc3 Qxb5 11. Nxb5 Nxd4 12. Nbxd4 Bxc5 13. O-O Bd7 14. c3
Ke7 15. Rfe1 Rhc8 16. g3 b5 17. a3 a5 18. Kg2 b4 19. axb4 axb4 20. Rxa8 Rxa8 21.
Nb3 Bb6 22. cxb4 Ra4 23. Nc5 Rxb4 24. Nxd7 Kxd7 25. Re2 h6 26. Rd2 Rb3 27. h4 g6
28. Nh2 Ba5 29. Rc2 d4 30. Nf3 d3 31. Rc4 Bb6 32. Rc3 Rxc3 33. bxc3 Kc6 34. Nd2
Kd5 35. Kf3 Ba5 36. Ke3 Bxc3 37. Ne4 Bxe5 38. Kxd3 f5 39. Nd2 Bd4 40. Ke2 e5 41.
Nf3 Bc3 42. Nh2 e4 43. Nf1 Bd4 44. Nd2 Be5 45. Ke3 Bc7 46. Nf1 Ke5 47. Nd2 Bb6+
48. Ke2 Kd5 49. Nf1 Bd8 50. Ne3+ Ke5 51. Nc4+ Kd4 52. Ne3 h5 53. Nc2+ Ke5 54.
Ne3 Bc7 55. Ng2 Kd4 56. Kd2 Bd6 57. Ke2 Bc7 58. Kd2 Bb8 59. Ke2 Ke5 60. Nf4 Kf6
61. Nd5+ Kf7 62. Nc3 Ke6 63. Nd1 Ba7 64. Nc3 Bb8 65. Nd1 f4 66. gxf4 Bxf4 67. f3
Kf5 68. Nf2 Bg3 69. Nxe4 Bxh4 70. Ke3 Be7 71. Kf2 Kf4 72. Kg2 g5 73. Nf2 Bc5 74.
Nh3+ Kf5 75. Nxg5 Kxg5 76. Kh1 Kf4 77. Kg2 Bd6 78. Kh1 Kg3 79. Kg1 Bf4 80. Kh1
Kh3 81. Kg1 Be3+ 82. Kh1 Bf4 83. Kg1 Kh4 84. Kh1 Kg5 85. Kg1 Kf5 86. Kh1 Ke5 87.
Kg1 Kd4 88. Kh1 h4 89. Kg1 Ke3 90. Kh1 Ke2 91. Kg1 Ke1 92. Kh1 Bg3 93. f4 Bxf4
94. Kg1 Ke2 95. Kh1 Kf3 96. Kg1 Kg3 97. Kh1 h3 98. Kg1 Be3+ 99. Kh1 Bg1 100.
Kxg1 h2+ 101. Kh1 Kh3 1/2-1/2

[Event "PRO League Group Stage"]
[Site "chess.com INT"]
[Date "2018.03.07"]
[Round "9"]
[White "Kjartansson, David"]
[Black "Van Wely, Loek"]
[Result "0-1"]
[WhiteTitle "FM"]
[BlackTitle "GM"]
[WhiteElo "2409"]
[BlackElo "2656"]
[WhiteTeam "Reykjavik Puffins"]
[BlackTeam "Amsterdam Mosquitoes"]
[WhiteFideId "2301130"]
[BlackFideId "1000268"]
[EventDate "2018.01.18"]

1. e4 c5 2. c3 Nf6 3. e5 Nd5 4. Nf3 e6 5. d4 cxd4 6. cxd4 b6 7. a3 Be7 8. Bd3
Ba6 9. Bxa6 Nxa6 10. O-O O-O 11. Qe2 Nb8 12. Nbd2 d6 13. Ne4 dxe5 14. dxe5 Nd7
15. Re1 Rc8 16. Be3 Qc7 17. Rac1 Qb8 18. Bd4 Rxc1 19. Rxc1 Rc8 20. Rxc8+ Qxc8
21. Qd2 Qc4 22. Nc3 h6 23. h3 Nf8 24. Nxd5 exd5 25. Qc3 Ne6 26. Qxc4 dxc4 27.
Bc3 Nf4 28. Kf1 Nd5 29. Bd4 c3 30. bxc3 Bxa3 31. c4 Nf4 32. h4 h5 33. g3 Ne6 34.
Bc3 Kh7 35. Ke2 Kg6 36. Nd2 Kf5 37. f3 Nc5 38. Nb1 Bc1 39. Kd1 Bh6 40. Ke2 g6
41. Na3 a6 42. Nc2 Ne6 43. f4 Ke4 44. Nb4 b5 45. cxb5 axb5 46. Nc6 Bf8 47. Bb4
Kd5 48. Bxf8 Kxc6 49. Bb4 Kd5 50. Kf3 Nd4+ 51. Kf2 Ke4 52. Kg2 Nc2 53. Bc3 b4
54. Bb2 Ne3+ 55. Kh3 Kf3 56. Kh2 Nf1+ 0-1

[Event "PRO League Group Stage"]
[Site "chess.com INT"]
[Date "2018.03.07"]
[Round "9"]
[White "Andriasian, Zaven"]
[Black "Raja, Harshit"]
[Result "1-0"]
[WhiteTitle "GM"]
[BlackTitle "IM"]
[WhiteElo "2585"]
[BlackElo "2427"]
[WhiteTeam "Armenia Eagles"]
[BlackTeam "Mumbai Movers"]
[WhiteFideId "13302000"]
[BlackFideId "5089000"]
[EventDate "2018.01.18"]

1. e4 c5 2. Nf3 d6 3. d4 cxd4 4. Nxd4 Nf6 5. Nc3 a6 6. Be3 e5 7. Nf3 Be7 8. Bc4
O-O 9. O-O Qc7 10. Qe2 b5 11. Bb3 Nbd7 12. Rfd1 Bb7 13. Bg5 Rac8 14. Bxf6 Nxf6
15. Ne1 Qb6 16. Nd5 Nxd5 17. Bxd5 Bxd5 18. Rxd5 Rc4 19. b3 Rd4 20. Rd1 Rc8 21.
R1xd4 exd4 22. g3 Rc3 23. e5 g6 24. Qe4 dxe5 25. Qxe5 Bf6 26. Qe8+ Kg7 27. Rd7 1-0

[Event "PRO League Group Stage"]
[Site "chess.com INT"]
[Date "2018.03.07"]
[Round "9"]
[White "Andriasian, Zaven"]
[Black "Vidit, Santosh Gujrathi"]
[Result "0-1"]
[WhiteTitle "GM"]
[BlackTitle "GM"]
[WhiteElo "2585"]
[BlackElo "2718"]
[WhiteTeam "Armenia Eagles"]
[BlackTeam "Mumbai Movers"]
[WhiteFideId "13302000"]
[BlackFideId "5029465"]
[EventDate "2018.01.18"]

1. e4 c6 2. d4 d5 3. Nc3 dxe4 4. Nxe4 Nf6 5. Nxf6+ exf6 6. c3 Bd6 7. Bd3 O-O 8.
Ne2 Re8 9. Qc2 h5 10. Bd2 Nd7 11. O-O-O Nf8 12. h3 Ng6 13. Ng3 Nf4 14. Bxf4
Bxf4+ 15. Kb1 h4 16. Nf5 Bxf5 17. Bxf5 Qd5 18. f3 Bg3 19. Bh7+ Kf8 20. Be4 Qd6
21. c4 Rad8 22. c5 Qe6 23. Bf5 Qe3 24. Qc3 Qf4 25. Bc2 Bf2 26. Qb3 Bxd4 27. Rhe1
Rxe1 28. Rxe1 Qc7 29. Qc4 g5 30. Rd1 Be5 31. Rxd8+ Qxd8 32. Bb3 Qd7 33. a3 Kg7
34. Ka2 f5 35. Kb1 Qe7 36. Bc2 Qe6 37. Qd3 Kg6 38. b4 Bg7 39. Qd6 Be5 40. Qd3
Bf6 41. Bb3 Qe5 42. Kc2 Qb2+ 43. Kd1 Qxg2 44. f4 g4 45. Bc2 Qg1+ 46. Ke2 Qh2+
47. Kd1 Qxf4 48. hxg4 Qxg4+ 49. Qe2 Kg5 50. Ke1 h3 51. Qe3+ Kg6 52. Bd1 Qe4 53.
Qxe4 fxe4 54. Kf2 Be5 55. Bg4 h2 56. Kg2 f5 57. Bh3 e3 58. Kh1 e2 0-1